Southville International School and Colleges
Your cart is empty.
  • Cart
  • Lists
    Public lists Eva Luna New books Lux_list list_1
    Your lists Log in to create your own lists
  • Log in to your account
  • Your cookies
  • Search history
Southville International School and Colleges
  • Advanced search
  • Recent comments
  • Most popular
  • Libraries

Log in to your account

Log in with GOOGLE


If you do not have an external account, but do have a local account, you can still log in:

  1. Home
  2. MARC view: Physics :
Normal view MARC view ISBD view

Physics : (Record no. 15204)

[ view plain ]
MARC details
000 -LEADER
fixed length control field 01030cam a2200313 a 4500
001 - CONTROL NUMBER
control field 13595695
003 - CONTROL NUMBER IDENTIFIER
control field OSt
005 - DATE AND TIME OF LATEST TRANSACTION
control field 20140310182705.0
008 - FIXED-LENGTH DATA ELEMENTS--GENERAL INFORMATION
fixed length control field 040517m20042005njuab 001 0 eng
010 ## - LIBRARY OF CONGRESS CONTROL NUMBER
LC control number 2004274079
020 ## - INTERNATIONAL STANDARD BOOK NUMBER
International Standard Book Number 9814009342
040 ## - CATALOGING SOURCE
Original cataloging agency DLC
Transcribing agency DLC
Modifying agency DLC
050 00 - LIBRARY OF CONGRESS CALL NUMBER
Classification number QC 23.2
Item number .G433 1998
082 00 - DEWEY DECIMAL CLASSIFICATION NUMBER
Classification number M 530
-- 5th ed.
Item number G34 1998
100 1# - MAIN ENTRY--PERSONAL NAME
Personal name Giancoli, Douglas C.
245 10 - TITLE STATEMENT
Title Physics :
Remainder of title principles with applications /
Statement of responsibility, etc Douglas C. Giancoli.
250 ## - EDITION STATEMENT
Edition statement 5th ed.
260 ## - PUBLICATION, DISTRIBUTION, ETC. (IMPRINT)
Place of publication, distribution, etc Upper Saddle River, New Jersey :
Name of publisher, distributor, etc Pearson Prentice-Hall,
Date of publication, distribution, etc c1998.
300 ## - PHYSICAL DESCRIPTION
Extent xxiii, 1096 p.
Other physical details ill. ;
Dimensions 25 cm.
500 ## - GENERAL NOTE
General note Includes indexes.
521 ## - TARGET AUDIENCE NOTE
Target audience note
526 ## - STUDY PROGRAM INFORMATION NOTE
Reading level 1210L-1700L
541 ## - IMMEDIATE SOURCE OF ACQUISITION NOTE
-- 1
562 ## - COPY AND VERSION IDENTIFICATION NOTE
Number of copies 1
650 #0 - SUBJECT ADDED ENTRY--TOPICAL TERM
Topical term or geographic name as entry element Physics.
906 ## - LOCAL DATA ELEMENT F, LDF (RLIN)
a 7
b cbc
c origcop
d 2
e ncip
f 20
g y-gencatlg
942 ## - ADDED ENTRY ELEMENTS (KOHA)
Source of classification or shelving scheme Library of Congress Classification
Koha item type Books
Call number prefix
Holdings
Withdrawn status Lost status Source of classification or shelving scheme Damaged status Home library Current library Shelving location Date acquired Total Checkouts Total Renewals Full call number Barcode Date last seen Date checked out Copy number Price effective from Koha item type
    Library of Congress Classification   College Library College Library General Circulation Section 06/04/2013 1 1 QC 23.2 .G433 1998 C1201 05/15/2018 07/31/2014 1 11/14/2013 Books

Physics :

APA

Giancoli D. C., . (1998). Physics. Upper Saddle River, New Jersey: Pearson Prentice-Hall.

Chicago

Giancoli Douglas C, . 1998. Physics. Upper Saddle River, New Jersey: Pearson Prentice-Hall.

Harvard

Giancoli D. C., . (1998). Physics. Upper Saddle River, New Jersey: Pearson Prentice-Hall.

MLA

Giancoli Douglas C, . Physics. Upper Saddle River, New Jersey: Pearson Prentice-Hall. 1998.

  • Place hold
  • Print
  • Cite
  • Add to your cart (remove)
  • Save record
    BIBTEX Dublin Core MARCXML MARC (non-Unicode/MARC-8) MARC (Unicode/UTF-8) MARC (Unicode/UTF-8, Standard) MODS (XML) RIS
  • More searches
    Search for this title in:
    Other Libraries (WorldCat) Other Databases (Google Scholar) Online Stores (Bookfinder.com) Open Library (openlibrary.org)

Exporting to Dublin Core...

SOUTHVILLE LIBRARY

Southville International School and Colleges Library

1281 Tropical Ave. Cor. Luxembourg St., BF Homes International, Las Pinas City

Tel. No. 8256374 / 252358 Loc. 117/146

Powered by Koha